Estatísticas para Campeões da Copa do Mundo FIFA

Clique aqui para jogar o quiz

Estatísticas Gerais

  • Esse quiz foi jogado 7 403 vezes
    (4 297 desde o último reset)
  • A pontuação média é 18 de 21

Estatísticas das Respostas

AnoSedeCampeão% Correto
2014BrasilAlemanha
99%
2018RússiaFrança
98%
2002Japão & Coréia do SulBrasil
97%
1994Estados UnidosBrasil
95%
2010África do SulEspanha
94%
2006AlemanhaItália
92%
1998FrançaFrança
92%
1970MéxicoBrasil
90%
1990ItáliaAlemanha
88%
1958SuéciaBrasil
86%
1986MéxicoArgentina
85%
1962ChileBrasil
85%
1978ArgentinaArgentina
82%
1974AlemanhaAlemanha
82%
1930UruguaiUruguai
82%
1982EspanhaItália
81%
1966InglaterraInglaterra
80%
1950BrasilUruguai
79%
1954SuíçaAlemanha
75%
1934ItáliaItália
74%
1938FrançaItália
72%

Distribuição das Pontuações

Percentil de Números Respondidos

Porcentagem de Pessoas com Cada Pontuação

Sua Pontuação Histórica

Você não jogou esse quiz desde o último reset